banner-ar

جغرافية مصر فى العصر القبطى = (Record no. 62216)

MARC details
000 -الفاتح
حقل البيانات ثابتة الطول 00961nam a22002297a 4500
005 - وقت وتاريخ اخر تعامل مع التسجيلة
رقم الضبط 20240530110539.0
008 - عناصر البيانات ثابتة الطول - معلومات عامة
حقل البيانات ثابتة الطول 160504s2013 ua a f 000 0 ara d
017 ## - رقم الايداع القانونى
رقم الايداع القانونى 2013/14875
المصدر ( الهيئة المختصة) مصر . دار الكتب المصرية
020 ## - الرقم الدولى المعيارى للكتب
الرقم الدولى المعيارى للكتاب 9789774485213
040 ## - مصدر الفهرسة
وكالة الفهرسة الأصلية EG-CaGPL
082 04 - رقم تصنيف ديوى العشرى
رقم الطبعة 21
رقم التصنيف 913.2
رقم المادة ق/أ ج
100 0# - المدخل الرئيسى - إسم شخصى
الإسم الشخصى اميلينو .
245 10 - بيان العنوان
العنوان جغرافية مصر فى العصر القبطى =
بقية العنوان la geographie de l 'Egypt /
بيان المسئوليه,etc اميلينو ؛ ترجمة و تعليق ميخائيل مكسى اسكندر .
250 ## - بيان الطبعة
بيان الطبعة ط1.
260 ## - PUBLICATION, DISTRIBUTION, ETC. (IMPRINT)
تاريخ النشر أو التوزيع 2013 .
300 ## - الوصف المادى
التعداد 392 ص ؛
أبعاد الوعاء 24 سم .
651 04 - المدخل الاضافى بالموضوع - اسم جغرافى
الاسم الجغرافي مصر القديمة
التقسيم الفرعي العام تاريخ
التقسيم الفرعي الزمني العصر القبطى .
651 04 - المدخل الاضافى بالموضوع - اسم جغرافى
الاسم الجغرافي مصر القديمة
التقسيم الفرعي العام جغرافيا .
700 0# - المدخل الاضافى - اسم شخصى
الإسم الشخصى ميخائيل مكسى اسكندر
الدور مترجم و معلق .
942 ## - عناصر المدخل الإضافي( كوها)
مصدر التصنيف او مخطط الترفيف Dewey Decimal Classification
Koha [default] item type كتاب
260 ## - PUBLICATION, DISTRIBUTION, ETC. (IMPRINT)
-- القاهرة :
-- الهيئة المصرية العامة للكتاب ،
Holdings
حالة التراجع حالة الفقد حالة تلف ليس للاعارة المكان المؤقت الموقع الحالى تاريخ الاكتساب اجمالي اﻻعارات رقم الطلب الباركود تاريخ اخر مشاهدة تاريخ تفعيل السعر نوع وعاء كوها
        مكتبة القاهرة الكبرى مكتبة القاهرة الكبرى 05/04/2016   913.2 ق/أ ج 161874 05/04/2016 05/04/2016 كتاب

Powered By

EGPV